00328pab a2200133 454500008003600000100001800036245003200054362002800086650001200114650002100126650001200147700001800159773001700177180718b xxu||||| |||| 00| 0 eng d aKuma S. Vijay aProblems of retired persons a73(3), Sep 93, p.241-49 a Ageing a Retired Persons aOld Age aReddy K. Raja aMan in India